| 000 | 02138nam a2200409 a 4500 | ||
|---|---|---|---|
| 003 | BLK | ||
| 005 | 20230623155436.0 | ||
| 008 | 180412b bul|||||r ||||||| ||bul|| | ||
| 010 | _aKNG00000647000 | ||
| 020 | _a954-8067-08-0 | ||
| 040 | _aBLK | ||
| 041 |
_aBUL _cBUL |
||
| 080 |
_aВъншна търговия. Международна търговия. Външно-търговска политика. Мита. Вж и 336. 4 _b339.5 _x(075.8) _z339.5(075.8) |
||
| 080 |
_aТехника на търговията (икон. аспекти). Условия на сделките. Форми на стокообмен и разпределение на стоките. Условия на доставките, на плащане. Размяна. Бартерни сделки. Покупка. Продажба. Фр _b339.18 _x(075.8) _z339.18(075.8) |
||
| 100 | 1 |
_aКаракашева, Лилия Вълчева _eпърви автор _9242331 |
|
| 139 |
_aКаракашева, Лилия Вълчева и др. _bК 32 |
||
| 245 | 1 | 0 |
_aМеждународна сделка за покупко-продажба _bУч. помагало _cЛилия Вълчева Каракашева; съавт. Бистра Николова Боева. |
| 257 | _aBGR | ||
| 260 |
_aВарна _bPrinceps _c1994 _fРусе : Дунав прес |
||
| 300 |
_a264 с. _bс табл., факс., ил. _c24 см |
||
| 380 | _a3 | ||
| 490 | _aБиблиотека Сделките в международния бизнес | ||
| 500 | _aБиблиогр. с. 261-262. | ||
| 504 | _a261-262 | ||
| 650 | 4 |
_aВъншнотърговски сделки - учебници за ВУЗ _9242333 |
|
| 653 | _aвъншнотърговски сделки | ||
| 653 | _aпродажби | ||
| 653 | _aучебници за ВУЗ | ||
| 700 | 1 |
_aБоева, Бистра Николова _eсъавт. _9242332 |
|
| 852 |
_aЦб 176606 _bЦб |
||
| 856 | 4 |
_qpdf _u |
|
| 856 | 4 |
_qpdf _u |
|
| 942 |
_cKNG _n0 |
||
| 944 |
_aCR _c13.05.2003 _lф / _kГеновева_Генчева |
||
| 944 |
_aED _c19.08.2010 _lф / |
||
| 999 |
_c408 _d408 |
||
| 999 | _d408 | ||